000 00230nam a22000857a 4500
008 161111b xxu||||| |||| 00| 0 eng d
100 _91146
_abalasubramaniyan. k
245 _amangue`s top
260 _anew delhi
_bnational book trust
_c2007
999 _c3807
_d3807